Избранное: пер. с англ.

מידע ביבליוגרפי
מחבר ראשי: Мур Т. Томас
מחברים אחרים: Володарская Л. И. (составитель)
שפה:רוסית
יצא לאור: Москва, Художественная литература, 1981
נושאים:
פורמט: ספר
KOHA link:https://koha.lib.tpu.ru/cgi-bin/koha/opac-detail.pl?biblionumber=161573

MARC

LEADER 00000nam0a2200000 4500
001 161573
005 20231031155932.0
020 |a RU  |b 86-44055 
035 |a (RuTPU)RU\TPU\book\175216 
035 |a RU\TPU\book\133153 
090 |a 161573 
100 |a 20090610d1981 m y0rusy5003 ca 
101 1 |a rus  |c eng 
102 |a RU 
105 |a c z 000ay 
200 1 |a Избранное  |e пер. с англ.  |f Т. Мур  |g сост., вступ. ст. и коммент. Л. И. Володарская 
210 |a Москва  |c Художественная литература  |d 1981 
215 |a 351 с.  |c портр.  |d 21 см 
610 1 |a ирландская литература 
610 1 |a поэзия 
610 1 |a романтизм 
675 |a 82  |z rus 
700 1 |a Мур  |b Т.  |g Томас  |4 070 
702 1 |a Володарская  |b Л. И.  |4 220 
801 0 |a RU  |b RuMRKP  |c 19950704  |g psbo 
801 1 |a RU  |b 63413507  |c 20071010  |g PSBO 
801 2 |a RU  |b 63413507  |c 20090610  |g PSBO 
942 |c BK